00875nam a2200241 a 450000100060000000300080000600500170001400800410003102000210007203500190009304000270011204100080013908200280014724500750017526000460025030000340029650400510033065000270038170000380040894200120044699900170045895201580047568357BD-RjUL20211209081747.0170204s1996 enka b 001 0 eng d a0198565402 (hbk) a(BD-RjUL)68567 aDLCcDLCdBD-RjULbeng aeng00223a621.48335bNUC 199604aThe nuclear fuel cycle :bfrom ore to wastes /cedited by P.D. Wilson. aOxford :bOxford University Press,c1996. axix, 323 p. :bill. ;c24 cm. aIncludes bibliographical references and index. 0aNuclear fuels.92026601 aWilson, P. D.q(Peter D.)9202661 2ddccBK c68357d68357 00102ddc40718NFICaRUCLbRUCLcReadingd2000-08-02eKarim interprise, Dhakag2800.00l0o621.48335 NUC 1996r2017-04-02 00:00:00tC-1w2017-04-02yBK